| 000 | 00909cam a2200253 i 4500 | ||
|---|---|---|---|
| 005 | 20180803165011.0 | ||
| 008 | 020723t 2001-usab r 001 0 eng d | ||
| 015 | _aNNN | ||
| 020 | _a0387951237 | ||
| 040 |
_aDLC _cDLC _dDLC _dCO-BoPUJ _dCO-BoIAVH |
||
| 041 | 0 | _aeng | |
| 042 | _apcc | ||
| 082 | 0 | 4 |
_a577.55 _bT94l |
| 100 | 1 | _aTurner, Monica Goigel | |
| 245 | 1 | 0 |
_aLandscape ecology in theory and practice : _bpattern and process / _cMonica Goigel Turner, Robert H. Gardner and Robert V. O'Neill. |
| 260 |
_aNew York : _bSpringer, _cc2001. |
||
| 300 |
_axii, 401 páginas : _bilustraciones, diagramas y mapas ; _c24 cm. + _e1 CD-ROM |
||
| 504 | _aIncluye referencias bibliográficas e índice. | ||
| 650 | 2 | 4 | _aEcología |
| 650 | 2 | 4 | _aEcología del paisaje |
| 700 | 1 |
_aGardner, Robert H., _eautor. |
|
| 700 | 1 |
_aO'Neill, Robert V., _d1940-, _eautor. |
|
| 942 |
_2ddc _cLIBRO |
||
| 999 |
_c2443 _d2443 |
||